Les mots de la critique : Vocabulaire de l'analyse littéraire (notice n° 2198202)

détails MARC
000 -LEADER
fixed length control field 01222cam a2200157 4500500
005 - DATE AND TIME OF LATEST TRANSACTION
control field 20260405085520.0
041 ## - LANGUAGE CODE
Language code of text/sound track or separate title fre
042 ## - AUTHENTICATION CODE
Authentication code dc
100 10 - MAIN ENTRY--PERSONAL NAME
Personal name Bergez, Daniel
Relator term author
245 00 - TITLE STATEMENT
Title Les mots de la critique : Vocabulaire de l'analyse littéraire
260 ## - PUBLICATION, DISTRIBUTION, ETC.
Name of publisher, distributor, etc. Armand Colin,<br/>
Date of publication, distribution, etc. 2020.<br/>
520 ## - SUMMARY, ETC.
Summary, etc. D’« accent » à « zeugme » en passant par « connotation » et « métaphore », les auteurs définissent et commentent environ 380 termes et notions essentielles pour l’analyse littéraire.Bénéficiant des acquis de la linguistique, de la stylistique et de la critique, chaque notion fait l’objet d’un exposé complet. Les définitions sont toujours accompagnées d’exemples commentés. L’exposé qui suit met en rapport le terme avec l’histoire, l’esthétique et la pratique du commentaire.Ce vocabulaire est à la fois un ouvrage de consultation rapide qui permet de vérifier une définition, et un ouvrage de réflexion orienté vers la perception esthétique du fait littéraire.
700 10 - ADDED ENTRY--PERSONAL NAME
Personal name Géraud, Violaine
Relator term author
700 10 - ADDED ENTRY--PERSONAL NAME
Personal name Robrieux, Jean-Jacques
Relator term author
856 41 - ELECTRONIC LOCATION AND ACCESS
Uniform Resource Identifier <a href="https://shs.cairn.info/les-mots-de-la-critique--9782200626440?lang=fr&redirect-ssocas=7080">https://shs.cairn.info/les-mots-de-la-critique--9782200626440?lang=fr&redirect-ssocas=7080</a>

Pas d'exemplaire disponible.

PLUDOC

PLUDOC est la plateforme unique et centralisée de gestion des bibliothèques physiques et numériques de Guinée administré par le CEDUST. Elle est la plus grande base de données de ressources documentaires pour les Étudiants, Enseignants chercheurs et Chercheurs de Guinée.

Adresse

627 919 101/664 919 101

25 boulevard du commerce
Kaloum, Conakry, Guinée

Réseaux sociaux

Powered by Netsen Group @ 2025